000 00671nam a22002172 4500
001 0000002435
005 20151217151854.0
008 070411s xx 000 0 eng d
020 _a075172663X :
_cKES 1,690
040 _aKABU
_cKABU
050 0 _aHF5657.4
_b.B67 2006
110 2 _aBPP Professional Education.
_@0000151469
245 1 0 _aPaper 1.2 Financial information for management for exams in December 2006 and June 2007.
250 _a6th ed.
260 _aLondon :
_bBPP,
_c2006.
300 _axxxiv, 486 p.
650 0 _aManagerial accounting.
_@0000151472
908 _a070411
950 _@1
999 _c5854
_d5854